000 00773nam a2200229 i 4500
001 49873
003 ES-MaACL
005 20250801154216.0
007 t|
008 030724s1957 sp ||||1| spa d
080 _a929 Windsor, Wallis Warfield. Duchess of
100 1 _aCramer, Heinz.
_941436
245 1 3 _aLa duquesa de Windsor :
_b(un imperio por una mujer) /
_cpor Heinz Cramer ; [traducido del alemán por Manuel Scholz].
260 _aBarcelona :
_bAHR,
_c1957 (
_fEstrada)
300 _a336 p. ;
_c20 cm.
490 1 _aHistoria y amor
600 1 4 _aWindsor, Wallis Warfield,
_cDuchess of (
_d1896-1986)
_9174298
700 1 _aScholz, Manuel.
_9104641
830 1 0 _aHistoria y amor
_9182274
852 4 _aES-MaACL
_jC-13825
999 _c49873
_d49873